[Event "TUR-chT 2nd League"]
[Site "Konya"]
[Date "2017.07.18"]
[Round "3.15"]
[White "Eken, Yusuf Mert"]
[Black "Han, Ahmet Reha"]
[Result "0-1"]
[WhiteElo "1534"]
[BlackElo "1593"]
[PlyCount "138"]
[EventDate "2017.07.17"]
[EventType "team-swiss"]
[EventRounds "9"]
[EventCountry "TUR"]
[SourceTitle "CBM 179 Extra"]
[Source "ChessBase"]
[SourceDate "2017.08.23"]
[SourceVersion "1"]
[SourceVersionDate "2017.08.23"]
[SourceQuality "1"]
[WhiteTeam "Antalya Deniz Genclik"]
[BlackTeam "Adamlari Amator"]
[WhiteTeamCountry "TUR"]
[BlackTeamCountry "TUR"]

1. d4 Nf6 2. c4 e6 3. Nc3 Bb4 4. a3 Bxc3+ 5. bxc3 b6 6. Bg5 h6 7. Bh4 Bb7 8. e3 d6 9. Nf3 Nbd7 10. Bxf6 Nxf6 11. Bd3 0-0 12. 0-0 Qe7 13. Nd2 c5 14. Qe2 Rfe8 15. Rfe1 Rad8 16. a4 e5 17. d5 e4 18. Bc2 Qe5 19. Ra3 Rb8 20. f3 exf3 21. gxf3 Re7 22. f4 Qh5 23. Qxh5 Nxh5 24. Kf2 Rbe8 25. Kf3 Bc8 26. a5 Nf6 27. axb6 axb6 28. Ba4 Bg4+ 29. Kf2 Ra8 30. Rea1 Rea7 31. R3a2 Bf5 32. Bb3 Rxa2 33. Rxa2 Rxa2 34. Bxa2 Ng4+ 35. Ke2 Nxh2 36. e4 Bg4+ 37. Kf2 Bd1 38. Bb1 Ng4+ 39. Ke1 Ba4 40. Bd3 f6 41. Be2 Bd7 42. f5 Ne5 43. Nf3 Nxf3+ 44. Bxf3 Be8 45. Kf2 g5 46. fxg6 Bxg6 47. Kg3 Kf7 48. Kf4 Bh7 49. Bh5+ Bg6 50. Bf3 Ke7 51. Bg4 Be8 52. Bd1 Bd7 53. Bh5 Bc8 54. Bd1 Kf7 55. Bh5+ Kg7 56. Bd1 Kg6 57. Bc2 Kh5 58. Bd1+ Kh4 59. Bf3 Bd7 60. Be2 h5 61. Bf1 Bg4 62. Bd3 Kh3 63. Bf1+ Kh2 64. Bd3 Kg2 65. Bc2 Bd7 66. Bd1 h4 67. Bf3+ Kg1 68. Bg4 Bxg4 69. Kxg4 Kf2 0-1

[Event "TUR-chT"]
[Site "Kocaeli"]
[Date "2008.07.01"]
[Round "13"]
[White "Eken, Yusuf Mert"]
[Black "Kanmazalp, Ogulcan"]
[Result "0-1"]
[WhiteElo "1533"]
[BlackElo "2281"]
[PlyCount "54"]
[EventDate "2008.06.24"]
[EventType "team"]
[EventRounds "15"]
[EventCountry "TUR"]
[SourceTitle "CBM 125 Extra"]
[Source "ChessBase"]
[SourceDate "2008.09.01"]
[SourceVersion "1"]
[SourceVersionDate "2008.09.01"]
[SourceQuality "1"]

1. d4 Nf6 2. c4 c5 3. d5 e5 4. Nc3 d6 5. e4 Be7 6. Nf3 0-0 7. Be2 Na6 8. 0-0 Nc7 9. Bg5 Nfxd5 10. Nxd5 Nxd5 11. Qxd5 Bxg5 12. Nxg5 Qxg5 13. Qxd6 Bh3 14. Bf3 Rad8 15. Qxc5 Rd3 16. Kh1 Rxf3 17. gxh3 Qf4 18. Kg2 f5 19. Qd5+ Kh8 20. exf5 Qxf5 21. Qxb7 e4 22. Qb5 Rxf2+ 23. Rxf2 Qxf2+ 24. Kh1 e3 25. Rg1 e2 26. Qb4 Qf3+ 27. Rg2 Rd8 0-1

[Event "TUR-chT"]
[Site "Kocaeli"]
[Date "2008.07.01"]
[Round "14"]
[White "Firat, Burak"]
[Black "Eken, Yusuf Mert"]
[Result "1-0"]
[WhiteElo "2189"]
[BlackElo "1533"]
[PlyCount "57"]
[EventDate "2008.06.24"]
[EventType "team"]
[EventRounds "15"]
[EventCountry "TUR"]
[SourceTitle "CBM 125 Extra"]
[Source "ChessBase"]
[SourceDate "2008.09.01"]
[SourceVersion "1"]
[SourceVersionDate "2008.09.01"]
[SourceQuality "1"]

1. e4 e5 2. Nf3 Nc6 3. Bb5 a6 4. Ba4 Nf6 5. 0-0 Be7 6. Re1 b5 7. Bb3 d6 8. c3 0-0 9. h3 Bb7 10. d4 Re8 11. Nbd2 Bf8 12. Bc2 exd4 13. cxd4 Nb4 14. Bb1 c5 15. d5 a5 16. Nf1 Rc8 17. Ng3 g6 18. Bg5 Bg7 19. Qd2 Qc7 20. a3 Na6 21. Bc2 c4 22. Nd4 Qd7 23. Rad1 b4 24. Qf4 Qe7 25. Ba4 Rf8 26. Bc6 h6 27. Bxh6 Bxh6 28. Qxh6 Nb8 29. Ngf5 1-0